| 000 | 00749nam a2200265 a 4500 | ||
|---|---|---|---|
| 001 | 1059 | ||
| 005 | 20140414131909.0 | ||
| 008 | 041014s19uu xx 00 eng d | ||
| 050 |
_aER _bB85 1994 |
||
| 100 | _aConnelly, Neil | ||
| 245 |
_aBunny magic! / : _cby Neil Connelly ; illustrated by Carolyn Bracken. _bTales from the Carrot Patch / |
||
| 260 |
_aMaryland : _bOttenheimer, _c1994. |
||
| 300 | _ap. : ill. ; cm. | ||
| 440 | _a | ||
| 520 | _aJoin them as Nibbles disappears, only to reappear as the star of the show!. | ||
| 650 |
_aBunnies _xFiction. |
||
| 650 |
_aMagic trick _xFiction. |
||
| 999 |
_c111110 _d111110 |
||